FIFA World Cup Winners in 30 Seconds - Statistics

General Stats
  • This quiz has been taken 863 times
    362 since last reset
  • The average score is 8 of 9
Answer Stats
Winner % Correct
Brazil
97%
Argentina
95%
France
95%
Germany
95%
Spain
95%
West Germany
95%
Uruguay
92%
Italy
91%
England
87%
No matching quizzes found
Score Distribution
Percent of People with Each Score
Percentile by Number Answered
Your Score History
You have not taken this quiz since the last reset